|
|
|
|
| LEADER |
00000nas a2200000 4500 |
| 001 |
vtls012281590 |
| 003 |
SK-MaSNL |
| 005 |
20260228160242.0 |
| 008 |
250819d17091723gw mr p 000 00ger |
| 015 |
|
|
|a SNBHFB
|
| 040 |
|
|
|a SNKHF
|b slo
|c SNKHF
|e rda
|
| 041 |
0 |
|
|a ger
|
| 044 |
|
|
|a gw
|c DE
|
| 072 |
|
7 |
|a 93/94
|x Dejiny (všeobecne)
|2 konspekt
|
| 072 |
|
7 |
|a 34
|x Právo
|2 konspekt
|
| 080 |
|
|
|a (051)-048.55
|2 2011
|
| 080 |
|
|
|a 93/94
|2 2011
|
| 080 |
|
|
|a 34
|2 2011
|
| 245 |
0 |
0 |
|a Electa Jvris Pvblici, ode, die Vornehmsten Staats-Affaires von Evropa
|
| 264 |
|
1 |
|a Mníchov
|b Vydavateľ nie je známy
|c 1709-[1723]
|
| 300 |
|
|
|c 17 cm
|
| 310 |
|
|
|a 1x mesačne
|
| 336 |
|
|
|a text
|b txt
|2 rdacontent
|
| 337 |
|
|
|a bez média
|b n
|2 rdamedia
|
| 338 |
|
|
|a zväzok
|b nc
|2 rdacarrierr
|
| 362 |
0 |
|
|a 1.1709-[20.1722(1723)]
|z ZDB/2025
|
| 504 |
|
|
|a Register
|
| 546 |
|
|
|a Nemčina
|b Fraktúra
|
| 561 |
|
|
|a Proveniencia: pečiatka Dr. E. Kadarász - ver. not. poz. Margity Zayovej Čís. 13014-13023.
|5 SNK ČD 2615/1709-1717
|
| 650 |
0 |
7 |
|a dejiny
|2 SNKPH
|9 3825
|
| 650 |
0 |
7 |
|a právo
|2 SNKPH
|9 976
|
| 655 |
|
7 |
|a špecializované časopisy
|2 SNKPH
|9 70509
|
| 752 |
|
|
|a Nemecko
|d Mníchov
|
| 785 |
0 |
0 |
|t Juristisch-historische Electa
|
| 852 |
|
|
|a snk
|b Zaiova knižnica: Zay 12374-12383
|p ČD 2615/1709-1717
|
| 958 |
|
|
|a DD
|
| 999 |
|
|
|c 1992
|d 3922
|
| 952 |
|
|
|0 0
|1 0
|4 0
|7 0
|8 5
|a SNK
|b SNK
|c SNK_HF
|d 2025-08-19
|i snk2025/13163
|l 0
|o snkČD 2615/1709
|p 17A1568312
|r 2026-02-21 22:34:23
|t Zay 12374
|w 2026-02-21
|y PREZ
|
| 952 |
|
|
|0 0
|1 0
|4 0
|7 0
|8 5
|a SNK
|b SNK
|c SNK_HF
|d 2025-08-19
|i snk2025/13164
|l 0
|o snkČD 2615/1710
|p 17A1568313
|r 2026-02-21 22:34:23
|t Zay 12375
|w 2026-02-21
|y PREZ
|
| 952 |
|
|
|0 0
|1 0
|4 0
|7 0
|8 5
|a SNK
|b SNK
|c SNK_HF
|d 2025-08-19
|i snk2025/13165
|l 0
|o snkČD 2615/1711
|p 17A1568314
|r 2026-02-21 22:34:23
|t Zay 12376
|w 2026-02-21
|y PREZ
|
| 952 |
|
|
|0 0
|1 0
|4 0
|7 0
|8 5
|a SNK
|b SNK
|c SNK_HF
|d 2025-08-19
|i snk2025/13166
|l 0
|o snkČD 2615/1712
|p 17A1568315
|r 2026-02-21 22:34:23
|t Zay 12377
|w 2026-02-21
|y PREZ
|
| 952 |
|
|
|0 0
|1 0
|4 0
|7 0
|8 5
|a SNK
|b SNK
|c SNK_HF
|d 2025-08-19
|i snk2025/13167
|l 0
|o snkČD 2615/1713
|p 17A1568316
|r 2026-02-21 22:34:24
|t Zay 12378
|w 2026-02-21
|y PREZ
|
| 952 |
|
|
|0 0
|1 0
|4 0
|7 0
|8 5
|a SNK
|b SNK
|c SNK_HF
|d 2025-08-19
|i snk2025/13168
|l 0
|o snkČD 2615/1714
|p 17A1568317
|r 2026-02-21 22:34:24
|t Zay 12379
|w 2026-02-21
|y PREZ
|
| 952 |
|
|
|0 0
|1 0
|4 0
|7 0
|8 5
|a SNK
|b SNK
|c SNK_HF
|d 2025-08-19
|i snk2025/13169
|l 0
|o snkČD 2615/1715
|p 17A1568318
|r 2026-02-21 22:34:24
|t Zay 12380
|w 2026-02-21
|y PREZ
|
| 952 |
|
|
|0 0
|1 0
|4 0
|7 0
|8 5
|a SNK
|b SNK
|c SNK_HF
|d 2025-08-19
|i snk2025/13170
|l 0
|o snkČD 2615/1716
|p 17A1568319
|r 2026-02-21 22:34:24
|t Zay 12381
|w 2026-02-21
|y PREZ
|
| 952 |
|
|
|0 0
|1 0
|4 0
|7 0
|8 5
|a SNK
|b SNK
|c SNK_HF
|d 2025-08-19
|i snk2025/13172
|l 0
|o snkČD 2615/1716 D1
|p 17A1568320
|r 2026-02-21 22:34:24
|t Zay 12382
|w 2026-02-21
|y PREZ
|
| 952 |
|
|
|0 0
|1 0
|4 0
|7 0
|8 5
|a SNK
|b SNK
|c SNK_HF
|d 2025-08-19
|i snk2025/13173
|l 0
|o snkČD 2615/1717
|p 17A1568321
|r 2026-02-21 22:34:24
|t Zay 12383
|w 2026-02-21
|y PREZ
|